000 00573 a2200193 4500
003 Nust
005 20170207171638.0
010 _a 00007476
020 _a0130847887
040 _cNust
082 0 0 _a621.382
100 1 _aSklar, Bernard,
245 1 0 _aDigital communications (E-BOOK)
_bfundamentals and applications /
_cBernard Sklar.
250 _a2nd ed.
260 _aUpper Saddle River, N.J. :
_bPrentice-Hall PTR,
_cc2001.
300 _axxiv, 1079 p. :
_bill. ;
_c25 cm. +
_e1 computer optical disc (4 3/4 in.)
650 0 _aDigital communications.
651 _aE-BOOK
942 _2ddc
_cBK
999 _c218008
_d218008